[Event "Tata Steel India Blitz w"]
[Site "Kolkata IND"]
[Date "2022.12.04"]
[Round "14.5"]
[White "Muzychuk, Anna"]
[Black "Kiolbasa, Oliwia"]
[Result "1-0"]
[WhiteTitle "GM"]
[BlackTitle "IM"]
[WhiteElo "2522"]
[BlackElo "2410"]
[WhiteFideId "14111330"]
[BlackFideId "1154613"]
[EventDate "2022.12.03"]

1. e4 e5 2. Nf3 Nc6 3. Bb5 a6 4. Bxc6 dxc6 5. O-O f6 6. d4 exd4 7. Nxd4 c5 8.
Ne2 Qxd1 9. Rxd1 Bd7 10. Be3 O-O-O 11. Nbc3 Bd6 12. Bf4 Bxf4 13. Nxf4 Re8 14. f3
Nh6 15. Nh5 Rhg8 16. Nd5 f5 17. Ng3 b6 18. Rd2 fxe4 19. Nxe4 Nf5 20. c3 Bc6 21.
Kf2 Rgf8 22. Ng3 g5 23. Re1 Rxe1 24. Kxe1 Bxd5 25. Rxd5 Ne3 26. Rxg5 Nxg2+ 27.
Ke2 Nf4+ 28. Ke3 c4 29. Rf5 Rxf5 30. Nxf5 Nd3 31. b4 cxb3 32. axb3 Nc5 33. b4
Ne6 34. Ne7+ Kd7 35. Nd5 a5 36. bxa5 bxa5 37. Nf6+ Ke7 38. Nd5+ Kd6 39. Nf6 a4
40. Kd3 Ke5 41. Nxh7 Kf5 42. h4 a3 43. Kc2 Kf4 44. Ng5 Ng7 45. Kb3 Nf5 46. Ne6+
Kxf3 47. h5 c6 48. Ng7 Nh6 49. Kxa3 Ke4 50. Kb4 Kd5 51. Ne8 c5+ 52. Kb5 Nf5 53.
Nf6+ Ke6 54. Ne4 1-0

[Event "Tata Steel India Blitz w"]
[Site "Kolkata IND"]
[Date "2022.12.04"]
[Round "15.1"]
[White "Kiolbasa, Oliwia"]
[Black "Muzychuk, Mariya"]
[Result "1-0"]
[WhiteTitle "IM"]
[BlackTitle "GM"]
[WhiteElo "2410"]
[BlackElo "2523"]
[WhiteFideId "1154613"]
[BlackFideId "14114550"]
[EventDate "2022.12.03"]

1. e4 c5 2. Nf3 Nc6 3. Nc3 e6 4. d4 cxd4 5. Nxd4 Nf6 6. Ndb5 d6 7. Bf4 e5 8. Bg5
a6 9. Na3 b5 10. Nd5 Be7 11. Bxf6 Bxf6 12. c4 b4 13. Nc2 O-O 14. g3 Be6 15. Bg2
a5 16. O-O Rb8 17. b3 Bxd5 18. Qxd5 Qb6 19. Rad1 Nd4 20. Nxd4 exd4 21. Rd3 Rfc8
22. Qf5 a4 23. Rfd1 Ra8 24. f4 Ra5 25. Qxc8+ 1-0

[Event "Tata Steel India Blitz w"]
[Site "Kolkata IND"]
[Date "2022.12.04"]
[Round "15.2"]
[White "Harika, Dronavalli"]
[Black "Kulkarni, Bhakti"]
[Result "0-1"]
[WhiteTitle "GM"]
[BlackTitle "IM"]
[WhiteElo "2507"]
[BlackElo "2319"]
[WhiteFideId "5015197"]
[BlackFideId "5019516"]
[EventDate "2022.12.03"]

1. g3 Nf6 2. Bg2 d5 3. d3 c6 4. Nd2 h6 5. e4 dxe4 6. dxe4 e5 7. Ngf3 Qc7 8. O-O
Be6 9. b3 Bd6 10. Bb2 O-O 11. Qe2 b5 12. a4 a6 13. Rfd1 Nbd7 14. h3 Nc5 15. axb5
axb5 16. Nh4 g6 17. Nf1 Kh7 18. f4 Nh5 19. f5 Bd7 20. Bf3 Ng7 21. Ne3 Be7 22.
Ng4 gxf5 23. Nxe5 Bxh4 24. gxh4 fxe4 25. Bxe4+ f5 26. Rxa8 Rxa8 27. Qh5 Nxh5 28.
Rxd7+ Nxd7 29. Bxf5+ Kg8 30. Be6+ Kf8 31. Nxd7+ Ke7 32. Bg4 Rd8 33. Ba3+ c5 34.
Bxc5+ Kf7 35. Bxh5+ Ke6 36. Bg4+ Kd5 37. Bf3+ Ke6 38. Bg4+ Kf7 39. Bh5+ Kg8 40.
Nf6+ Kh8 41. Ne4 Qe5 42. Bb6 Rg8+ 43. Kf2 Qxe4 44. Bg4 Rf8+ 0-1

[Event "Tata Steel India Blitz w"]
[Site "Kolkata IND"]
[Date "2022.12.04"]
[Round "15.3"]
[White "Ushenina, Anna"]
[Black "Muzychuk, Anna"]
[Result "1/2-1/2"]
[WhiteTitle "GM"]
[BlackTitle "GM"]
[WhiteElo "2454"]
[BlackElo "2522"]
[WhiteFideId "14110911"]
[BlackFideId "14111330"]
[EventDate "2022.12.03"]

1. d4 Nf6 2. c4 g6 3. Nc3 d5 4. cxd5 Nxd5 5. e4 Nxc3 6. bxc3 Bg7 7. Qa4+ Nd7 8.
Nf3 O-O 9. Qa3 e5 10. Bg5 Bf6 11. Bxf6 Qxf6 12. Rd1 exd4 13. cxd4 c5 14. dxc5
Qe7 15. Be2 Qxc5 16. Qb2 Qa5+ 17. Nd2 Qe5 18. Qxe5 Nxe5 19. Nc4 Nc6 20. Nd6 Be6
21. Nxb7 Bxa2 22. Ra1 Be6 23. O-O Nd4 24. Ba6 Rac8 25. Rfd1 Nb3 26. Ra3 Rc7 27.
f4 Nc5 1/2-1/2

[Event "Tata Steel India Blitz w"]
[Site "Kolkata IND"]
[Date "2022.12.04"]
[Round "15.4"]
[White "Vaishali, Rameshbabu"]
[Black "Savitha, Shri B"]
[Result "1-0"]
[WhiteTitle "IM"]
[BlackTitle "WIM"]
[WhiteElo "2425"]
[BlackElo "2411"]
[WhiteFideId "5091756"]
[BlackFideId "35061887"]
[EventDate "2022.12.03"]

1. Nf3 Nf6 2. g3 c5 3. Bg2 Nc6 4. c4 d5 5. cxd5 Nxd5 6. Nc3 Nc7 7. a3 g6 8. b4
cxb4 9. axb4 Bg7 10. Rb1 Bf5 11. Rb3 Be6 12. Rb1 Bf5 13. Rb3 O-O 14. O-O Ne6 15.
d3 a5 16. bxa5 Nxa5 17. Ra3 Nc6 18. Rxa8 Qxa8 19. Bd2 Qa3 20. Qc1 Qb3 21. Nh4
Ned4 22. Nxf5 Nxf5 23. Ne4 Nfd4 24. Re1 Nc2 25. Rd1 N6d4 26. Bf1 Rc8 27. Qb1 f5
28. Qxb3+ Nxb3 29. Ng5 Nxd2 30. Rxd2 Bh6 31. h4 b5 32. Bg2 Bxg5 33. Bd5+ Kg7 34.
hxg5 b4 35. e3 Rc5 36. Bb3 Na1 37. Rb2 Rc3 38. Bc4 Nc2 39. Kf1 Na3 40. Rxb4 Nxc4
41. dxc4 Rc2 42. Kg2 h6 43. gxh6+ Kxh6 44. Kf3 e5 45. Kg2 e4 46. Ra4 Kg5 47. Kf1
Kf6 48. Ra6+ Kg5 49. Rc6 Kh5 50. Kg2 Kg5 51. Rc7 Rc1 52. c5 Kf6 53. Rc8 Ke7 54.
Rc6 Kf7 55. g4 Rc2 56. g5 Kg7 57. Rc7+ Kf8 58. c6 Ke8 59. Kg3 Kd8 60. Rd7+ Ke8
61. Rd6 Kf7 62. Rf6+ Kg7 63. Re6 Kf7 64. Rd6 Kg7 65. Rd7+ Kf8 66. c7 Ke8 67.
Rd8+ 1-0

[Event "Tata Steel India Blitz w"]
[Site "Kolkata IND"]
[Date "2022.12.04"]
[Round "15.5"]
[White "Dzagnidze, Nana"]
[Black "Koneru, Humpy"]
[Result "1-0"]
[WhiteTitle "GM"]
[BlackTitle "GM"]
[WhiteElo "2517"]
[BlackElo "2572"]
[WhiteFideId "13601903"]
[BlackFideId "5008123"]
[EventDate "2022.12.03"]

1. c4 e5 2. Nc3 d6 3. Nf3 f5 4. d4 e4 5. Ng5 Be7 6. h4 Nf6 7. g3 c6 8. d5 h6 9.
Nh3 Nbd7 10. Nf4 Ne5 11. b3 Bd7 12. Bb2 Nfg4 13. Bh3 Qb6 14. O-O O-O-O 15. Na4
Qc7 16. Rc1 c5 17. b4 g5 18. Ng2 Bf6 19. Bxg4 Nxg4 20. bxc5 dxc5 21. Bxf6 Nxf6
22. Nc3 Rhg8 23. h5 f4 24. Qe1 Bh3 25. Nb5 Qb6 26. Rb1 a6 27. Nc3 Qc7 28. Na4
Rd6 29. Qc3 Nxh5 30. Qe5 f3 31. exf3 exf3 32. Ne3 Bxf1 33. Nxf1 Rdd8 34. Qe6+
Kb8 35. Qxa6 Rd6 36. Nxc5 Rg7 37. Rxb7+ Qxb7 38. Qxd6+ Qc7 39. Na6+ 1-0

[Event "Tata Steel India Blitz w"]
[Site "Kolkata IND"]
[Date "2022.12.04"]
[Round "16.1"]
[White "Muzychuk, Mariya"]
[Black "Ushenina, Anna"]
[Result "1-0"]
[WhiteTitle "GM"]
[BlackTitle "GM"]
[WhiteElo "2523"]
[BlackElo "2454"]
[WhiteFideId "14114550"]
[BlackFideId "14110911"]
[EventDate "2022.12.03"]

1. e4 c6 2. d4 d5 3. Nc3 dxe4 4. Nxe4 Nd7 5. Nf3 Ndf6 6. Nxf6+ Nxf6 7. c3 Qc7 8.
Ne5 Nd7 9. Bf4 Nxe5 10. Bxe5 Qb6 11. Qc2 Bg4 12. Bd3 e6 13. O-O Bh5 14. Rfe1 Bg6
15. Bxg6 hxg6 16. Re3 O-O-O 17. h3 Rg8 18. Rf3 Rd7 19. b4 Qd8 20. a4 f6 21. Bg3
g5 22. Re1 Bd6 23. Rxe6 Bxg3 24. Rxg3 Re7 25. Rge3 Rxe6 26. Rxe6 Qd5 27. Re7 Rd8
28. Qg6 Qa2 29. Qxg7 Qb1+ 30. Kh2 1-0

[Event "Tata Steel India Blitz w"]
[Site "Kolkata IND"]
[Date "2022.12.04"]
[Round "16.2"]
[White "Kulkarni, Bhakti"]
[Black "Dzagnidze, Nana"]
[Result "0-1"]
[WhiteTitle "IM"]
[BlackTitle "GM"]
[WhiteElo "2319"]
[BlackElo "2517"]
[WhiteFideId "5019516"]
[BlackFideId "13601903"]
[EventDate "2022.12.03"]

1. d4 Nf6 2. Nf3 e6 3. c3 b6 4. Bf4 Bb7 5. e3 d5 6. Nbd2 Bd6 7. Ne5 O-O 8. Bd3
c5 9. O-O Nc6 10. Nxc6 Bxc6 11. Bxd6 Qxd6 12. Nf3 b5 13. Ne5 Rfc8 14. f4 b4 15.
cxb4 cxd4 16. b5 Be8 17. exd4 Qb4 18. Rf2 Bxb5 19. a3 Qa5 20. b4 Qb6 21. Bxb5
Qxb5 22. Rc2 a5 23. bxa5 Rxc2 24. Qxc2 Qxa5 25. a4 Ne4 26. Nc6 Qc7 27. a5 Qxf4
28. Rf1 Qe3+ 29. Kh1 g6 30. Qa2 Kg7 31. a6 Qd3 32. Rxf7+ Kg8 33. h3 Rxa6 34. Qb2
Rxc6 35. Re7 Rc8 36. Kh2 Qe3 0-1

[Event "Tata Steel India Blitz w"]
[Site "Kolkata IND"]
[Date "2022.12.04"]
[Round "16.3"]
[White "Koneru, Humpy"]
[Black "Vaishali, Rameshbabu"]
[Result "0-1"]
[WhiteTitle "GM"]
[BlackTitle "IM"]
[WhiteElo "2572"]
[BlackElo "2425"]
[WhiteFideId "5008123"]
[BlackFideId "5091756"]
[EventDate "2022.12.03"]

1. d4 Nf6 2. c4 e6 3. Nf3 d5 4. Nc3 h6 5. e3 Be7 6. b3 b6 7. Bb2 Bb7 8. cxd5
exd5 9. Bb5+ Nbd7 10. Ne5 O-O 11. Bc6 Bxc6 12. Nxc6 Qe8 13. Qf3 Bd6 14. Nxd5
Nxd5 15. Qxd5 Nf6 16. Qf3 Ne4 17. Rc1 a5 18. Rc2 a4 19. O-O axb3 20. axb3 Qe6
21. Rfc1 Ng5 22. Qe2 Qxb3 23. h4 Ne6 24. d5 Nc5 25. e4 Rae8 26. Nd4 Qa4 27. Rc4
Qd7 28. f3 f5 29. Ba3 fxe4 30. fxe4 Rxe4 31. Qc2 Rxh4 32. Nc6 Bh2+ 33. Kh1 Bf4+ 0-1

[Event "Tata Steel India Blitz w"]
[Site "Kolkata IND"]
[Date "2022.12.04"]
[Round "16.4"]
[White "Muzychuk, Anna"]
[Black "Harika, Dronavalli"]
[Result "0-1"]
[WhiteTitle "GM"]
[BlackTitle "GM"]
[WhiteElo "2522"]
[BlackElo "2507"]
[WhiteFideId "14111330"]
[BlackFideId "5015197"]
[EventDate "2022.12.03"]

1. e4 c5 2. Nf3 Nc6 3. Bb5 e5 4. O-O Bd6 5. c3 a6 6. Ba4 b5 7. Bc2 Nge7 8. d4
cxd4 9. cxd4 exd4 10. Nxd4 Nxd4 11. Qxd4 Qc7 12. Nc3 Bxh2+ 13. Kh1 Be5 14. Qd3
Bb7 15. Bd2 Qd6 16. Qe2 Rc8 17. Bb3 O-O 18. Rad1 Qf6 19. f4 Bd4 20. Rf3 Ng6 21.
Bd5 Bc6 22. a3 Rfe8 23. Qd3 Bxc3 24. Bxc3 Qh4+ 25. Kg1 Bxd5 26. Qxd5 Nxf4 27.
Qd2 Ne6 28. Qxd7 Ng5 29. Rfd3 Nxe4 30. Qxc8 Rxc8 0-1

[Event "Tata Steel India Blitz w"]
[Site "Kolkata IND"]
[Date "2022.12.04"]
[Round "16.5"]
[White "Savitha, Shri B"]
[Black "Kiolbasa, Oliwia"]
[Result "0-1"]
[WhiteTitle "WIM"]
[BlackTitle "IM"]
[WhiteElo "2411"]
[BlackElo "2410"]
[WhiteFideId "35061887"]
[BlackFideId "1154613"]
[EventDate "2022.12.03"]

1. e4 e5 2. Nf3 Nc6 3. Bb5 a6 4. Ba4 Nf6 5. O-O Bc5 6. d3 b5 7. Bb3 d6 8. h3 h6
9. c3 O-O 10. d4 Bb6 11. dxe5 Nxe5 12. Nbd2 Bb7 13. Qe2 Re8 14. Bc2 Nxf3+ 15.
Qxf3 d5 16. exd5 Bxd5 17. Qg3 c6 18. Nf3 Bc7 19. Qh4 Bxf3 20. gxf3 Qd6 21. f4
Nd5 22. Qg3 Re7 23. Bd2 Rae8 24. Rad1 Qf6 25. Bb3 Nxf4 26. Bxf4 Bxf4 27. Qg2 Re5
28. Kh1 Rg5 29. Qf3 Rf5 30. Rd7 Re7 31. Rd8+ Kh7 32. Bc2 g6 33. Bxf5 Qxf5 34.
Qg4 Qe4+ 35. Qg2 Qf5 36. Rd4 Bc7 37. Rd2 Re4 38. Rfd1 Rh4 39. Rd3 c5 40. Rf3 Qe6
41. Re3 Qf6 42. Qf3 Rf4 43. Qb7 Rxf2 44. Rg1 Rh2# 0-1

[Event "Tata Steel India Blitz w"]
[Site "Kolkata IND"]
[Date "2022.12.04"]
[Round "17.1"]
[White "Dzagnidze, Nana"]
[Black "Muzychuk, Anna"]
[Result "1/2-1/2"]
[WhiteTitle "GM"]
[BlackTitle "GM"]
[WhiteElo "2517"]
[BlackElo "2522"]
[WhiteFideId "13601903"]
[BlackFideId "14111330"]
[EventDate "2022.12.03"]

1. d4 d5 2. c4 e6 3. Nc3 c5 4. cxd5 cxd4 5. Qxd4 Nc6 6. Qa4 exd5 7. Nf3 d4 8.
Nb5 Bb4+ 9. Bd2 Bxd2+ 10. Nxd2 Nge7 11. Nf3 Nf5 12. Rd1 O-O 13. e3 Qb6 14. Nbxd4
Ncxd4 15. Nxd4 Qxb2 16. Qb3 Qxb3 17. axb3 Rd8 18. Nxf5 Rxd1+ 19. Kxd1 Bxf5 20.
Bc4 Kf8 21. Ke2 Ke7 22. Bd5 1/2-1/2

[Event "Tata Steel India Blitz w"]
[Site "Kolkata IND"]
[Date "2022.12.04"]
[Round "17.2"]
[White "Ushenina, Anna"]
[Black "Savitha, Shri B"]
[Result "1/2-1/2"]
[WhiteTitle "GM"]
[BlackTitle "WIM"]
[WhiteElo "2454"]
[BlackElo "2411"]
[WhiteFideId "14110911"]
[BlackFideId "35061887"]
[EventDate "2022.12.03"]

1. d4 Nf6 2. c4 g6 3. g3 c6 4. Bg2 d5 5. Nf3 Bg7 6. O-O O-O 7. Ne5 Nbd7 8. Bf4
Nh5 9. Nxd7 Bxd7 10. cxd5 Nxf4 11. gxf4 cxd5 12. e3 e6 13. Qb3 Bc6 14. Nc3 Kh8
15. Rac1 g5 16. fxg5 Qxg5 17. f4 Qf5 18. Qc2 Qg6 19. Kh1 Rg8 20. Bf3 Bf6 21. Rg1
Qh6 22. a3 Qh3 23. Qe2 a6 24. Rxg8+ Rxg8 25. Rg1 Rxg1+ 26. Kxg1 Qh4 27. Qf2 Qh6
28. Qg2 Qg6 29. Bd1 Qd3 30. Qe2 Qg6+ 31. Qg2 Kg7 32. Bc2 Qxg2+ 33. Kxg2 Bh4 34.
Kf1 h6 35. Bd3 Kf6 36. b4 Ke7 37. Ne2 Kf8 38. Ng1 Be7 39. Nf3 Be8 40. Ne5 f6 41.
Ng6+ Bxg6 42. Bxg6 a5 43. bxa5 Bxa3 44. Bd3 Bb4 45. a6 bxa6 46. Bxa6 Bd2 47. Ke2
Bc1 48. Bc8 Ke7 49. Kf2 Kd6 50. Ke2 e5 51. fxe5+ fxe5 52. dxe5+ Kxe5 53. Kf3 Bd2
54. h3 1/2-1/2

[Event "Tata Steel India Blitz w"]
[Site "Kolkata IND"]
[Date "2022.12.04"]
[Round "17.3"]
[White "Kiolbasa, Oliwia"]
[Black "Vaishali, Rameshbabu"]
[Result "0-1"]
[WhiteTitle "IM"]
[BlackTitle "IM"]
[WhiteElo "2410"]
[BlackElo "2425"]
[WhiteFideId "1154613"]
[BlackFideId "5091756"]
[EventDate "2022.12.03"]

1. e4 e5 2. Nf3 Nc6 3. Bb5 a6 4. Ba4 d6 5. O-O Bd7 6. d4 Nf6 7. Bxc6 Bxc6 8. Re1
Be7 9. Nc3 exd4 10. Nxd4 O-O 11. b3 Nd7 12. Bb2 Bf6 13. h3 Re8 14. Nxc6 bxc6 15.
Na4 Bxb2 16. Nxb2 Qf6 17. Nc4 Nc5 18. Qf3 Nxe4 19. Qxf6 Nxf6 20. Na5 c5 21. c4
Re6 22. Kf1 Rae8 23. Rxe6 fxe6 24. a3 Rb8 25. Ke2 Kf7 26. Kd3 Ke8 27. Re1 Kd7
28. Kc3 d5 29. Rd1 Ne4+ 30. Kc2 Nxf2 31. Rf1 Rf8 32. b4 cxb4 33. axb4 Rf6 34.
Nb3 Ne4 35. Rd1 Rf2+ 36. Kc1 c6 37. cxd5 cxd5 38. g4 Rf3 39. Nd4 Rxh3 40. b5
axb5 41. Nxb5 Nc3 42. Nxc3 Rxc3+ 43. Kd2 Rg3 44. Rh1 h6 45. Rh4 Kd6 0-1

[Event "Tata Steel India Blitz w"]
[Site "Kolkata IND"]
[Date "2022.12.04"]
[Round "17.4"]
[White "Kulkarni, Bhakti"]
[Black "Koneru, Humpy"]
[Result "0-1"]
[WhiteTitle "IM"]
[BlackTitle "GM"]
[WhiteElo "2319"]
[BlackElo "2572"]
[WhiteFideId "5019516"]
[BlackFideId "5008123"]
[EventDate "2022.12.03"]

1. d4 Nf6 2. Nf3 b6 3. e3 Bb7 4. Bd3 e6 5. O-O d5 6. b3 Bd6 7. c4 Nbd7 8. Bb2
O-O 9. Ne5 dxc4 10. bxc4 Bxe5 11. dxe5 Ne4 12. f3 Nec5 13. Bc2 Qg5 14. Qe2 Rad8
15. f4 Qe7 16. Nd2 Nb8 17. Rad1 Nc6 18. Nf3 Nb4 19. Bb1 Be4 20. Ba3 a5 21. Nd4
Bxb1 22. Rxb1 Rd7 23. h3 f6 24. exf6 Qxf6 25. Bxb4 axb4 26. Rxb4 e5 27. fxe5
Qxe5 28. Rxf8+ Kxf8 29. Rb1 Kg8 30. Rf1 h6 31. Qf3 Qe8 32. Nf5 Kh7 33. Qg4 Rf7
34. Qh5 Qf8 35. g4 g6 36. Qh4 gxf5 37. gxf5 Rxf5 38. Rd1 Qg7+ 39. Kh1 Rf7 40.
Rg1 Qf6 41. Qg4 Qf3+ 0-1

[Event "Tata Steel India Blitz w"]
[Site "Kolkata IND"]
[Date "2022.12.04"]
[Round "17.5"]
[White "Harika, Dronavalli"]
[Black "Muzychuk, Mariya"]
[Result "1-0"]
[WhiteTitle "GM"]
[BlackTitle "GM"]
[WhiteElo "2507"]
[BlackElo "2523"]
[WhiteFideId "5015197"]
[BlackFideId "14114550"]
[EventDate "2022.12.03"]

1. b3 c5 2. Bb2 d5 3. Nf3 Nc6 4. g3 Nf6 5. Bg2 g6 6. d4 cxd4 7. Nxd4 Bg7 8. O-O
O-O 9. c4 Nxd4 10. Bxd4 dxc4 11. bxc4 Qc7 12. Qb3 Rd8 13. e3 e5 14. Bb2 Be6 15.
Na3 Rac8 16. Rfd1 b6 17. Nb5 Qb8 18. Rxd8+ Rxd8 19. Nc3 Rd3 20. Bf1 Rd2 21. Rd1
Qd8 22. Nd5 Rxd1 23. Qxd1 Qb8 24. Ne7+ Kh8 25. Nc6 Qc7 26. Nxe5 Ne4 27. Qd4 Nc5
28. Bg2 f5 29. Bd5 Kg8 30. Bxe6+ Nxe6 31. Qd5 Qe7 32. Nc6 Qf7 33. Nd8 Nxd8 34.
Qxd8+ Qf8 35. Qxf8+ Bxf8 36. Kf1 Kf7 37. Ke2 Ke6 38. Kd3 Bb4 39. f3 h5 40. Bd4
Be1 41. e4 h4 42. gxh4 Bxh4 43. h3 Bg3 44. c5 bxc5 45. Bxc5 a6 46. Bd4 Bd6 47.
Kc4 fxe4 48. fxe4 Be7 49. a4 Bd6 50. Bc5 Bf4 51. Bd4 Bg3 52. Kc5 Bc7 53. Kc6 Bd8
54. Kb7 a5 55. Ka6 Bc7 56. Kb5 Bd8 57. Bc3 Bc7 58. Bxa5 Be5 59. Bb6 Kd7 60. a5
Bf4 61. a6 Kc8 62. Kc6 Kb8 63. Kd5 g5 64. e5 1-0

[Event "Tata Steel India Blitz w"]
[Site "Kolkata IND"]
[Date "2022.12.04"]
[Round "18.1"]
[White "Savitha, Shri B"]
[Black "Harika, Dronavalli"]
[Result "0-1"]
[WhiteTitle "WIM"]
[BlackTitle "GM"]
[WhiteElo "2411"]
[BlackElo "2507"]
[WhiteFideId "35061887"]
[BlackFideId "5015197"]
[EventDate "2022.12.03"]

1. e4 Nc6 2. d4 e5 3. d5 Nce7 4. Nc3 Ng6 5. Be3 d6 6. Qd2 Be7 7. O-O-O a6 8. g3
Nf6 9. f4 Ng4 10. Nf3 Nxe3 11. Qxe3 Bg4 12. Kb1 Bf6 13. h3 Bxf3 14. Qxf3 exf4
15. gxf4 O-O 16. Ne2 Re8 17. Ng3 c6 18. dxc6 Qb6 19. e5 dxe5 20. Ne4 Qxc6 21. f5
Nf4 22. Rg1 Red8 23. Bd3 Kh8 24. h4 Rd4 25. h5 h6 26. Qe3 Rad8 27. a3 b5 28.
Rgf1 a5 29. Nc3 b4 30. axb4 axb4 31. Ne2 Nxe2 32. Qxe2 e4 33. Bxe4 Rxd1+ 34.
Rxd1 Rxd1+ 35. Qxd1 Qxe4 36. Qd7 Qd4 37. Qc8+ Kh7 38. Kc1 Qxb2+ 39. Kd1 Qd4+ 40.
Kc1 Qa1+ 41. Kd2 Qc3+ 0-1

[Event "Tata Steel India Blitz w"]
[Site "Kolkata IND"]
[Date "2022.12.04"]
[Round "18.2"]
[White "Koneru, Humpy"]
[Black "Kiolbasa, Oliwia"]
[Result "1-0"]
[WhiteTitle "GM"]
[BlackTitle "IM"]
[WhiteElo "2572"]
[BlackElo "2410"]
[WhiteFideId "5008123"]
[BlackFideId "1154613"]
[EventDate "2022.12.03"]

1. d4 d5 2. c4 e6 3. Nf3 Nf6 4. Nc3 Nbd7 5. Bg5 Be7 6. e3 h6 7. Bh4 O-O 8. Rc1
c5 9. dxc5 Qa5 10. cxd5 Nxd5 11. Bxe7 Nxe7 12. Bd3 Nxc5 13. Bb1 Nd7 14. O-O Nf6
15. Qd6 Nf5 16. Qe5 Qxe5 17. Nxe5 Rd8 18. Rfd1 Bd7 19. g4 Ne7 20. h4 Be8 21. g5
hxg5 22. hxg5 Nfd5 23. Nxd5 Nxd5 24. Be4 f6 25. gxf6 gxf6 26. Nf3 Bf7 27. Bxd5
exd5 28. Nd4 Rac8 29. Kg2 Bg6 30. Kg3 Kf7 31. Nb5 Rxc1 32. Rxc1 a6 33. Rc7+ Ke8
34. Nd4 Rd7 35. Rc8+ Ke7 36. Kf4 Kd6 37. Rg8 Bh7 38. Rf8 Ke7 39. Rh8 Kd6 40. a3
Bd3 41. Rh6 Ke7 42. Nf5+ Ke6 43. Nd4+ Ke7 44. f3 Rc7 45. Nf5+ Bxf5 46. Kxf5 b5
47. Rh7+ Kd6 48. Rxc7 Kxc7 49. Kxf6 Kd6 50. f4 1-0

[Event "Tata Steel India Blitz w"]
[Site "Kolkata IND"]
[Date "2022.12.04"]
[Round "18.3"]
[White "Muzychuk, Mariya"]
[Black "Dzagnidze, Nana"]
[Result "0-1"]
[WhiteTitle "GM"]
[BlackTitle "GM"]
[WhiteElo "2523"]
[BlackElo "2517"]
[WhiteFideId "14114550"]
[BlackFideId "13601903"]
[EventDate "2022.12.03"]

1. e4 c5 2. Nf3 e6 3. c3 d5 4. exd5 Qxd5 5. d4 Nf6 6. Na3 Nc6 7. Be3 cxd4 8. Nb5
Qd8 9. Nbxd4 Nxd4 10. Bxd4 Be7 11. Bd3 O-O 12. O-O b6 13. Qc2 h6 14. Rad1 Qe8
15. a4 Bb7 16. Ne5 Bc5 17. Bb5 Qe7 18. Nc6 Bxc6 19. Bxc6 Rad8 20. Bxc5 Qxc5 21.
Bf3 g5 22. h3 Kg7 23. Rd2 Rxd2 24. Qxd2 Qc4 25. Ra1 Rc8 26. a5 Rc7 27. axb6 axb6
28. Ra8 Rd7 29. Qe3 Qb5 30. b4 Qc4 31. Qxb6 Qxc3 32. Qb8 Qc1+ 33. Kh2 Qf4+ 34.
Qxf4 gxf4 35. b5 Nd5 36. Rb8 Rd6 37. h4 Kf6 38. g3 fxg3+ 39. fxg3 Nb6 40. g4 Nc4
41. Kg3 Rd3 42. Kf2 Rb3 43. Be2 Rb2 44. Ke1 Ne5 45. Rb7 Rb4 46. b6 Nxg4 47. Rb8
Ne5 48. Ba6 Nc6 49. Rh8 Rxb6 50. Bd3 Kg7 51. Rh7+ Kg8 52. Rxh6 Ne5 53. Kd2 Rd6 0-1

[Event "Tata Steel India Blitz w"]
[Site "Kolkata IND"]
[Date "2022.12.04"]
[Round "18.4"]
[White "Muzychuk, Anna"]
[Black "Kulkarni, Bhakti"]
[Result "1-0"]
[WhiteTitle "GM"]
[BlackTitle "IM"]
[WhiteElo "2522"]
[BlackElo "2319"]
[WhiteFideId "14111330"]
[BlackFideId "5019516"]
[EventDate "2022.12.03"]

1. e4 d6 2. Nc3 e5 3. f4 Nf6 4. Nf3 Be7 5. Bc4 O-O 6. d3 Nc6 7. f5 Na5 8. a3
Nxc4 9. dxc4 a6 10. Bg5 b5 11. Bxf6 Bxf6 12. Qd3 bxc4 13. Qxc4 a5 14. Nd5 c5 15.
O-O-O Ba6 16. Qc3 Bg5+ 17. Kb1 Rb8 18. h4 Be7 19. g4 Rb7 20. g5 Qd7 21. f6 Bd8
22. Nxe5 Qe6 23. Nc6 Qxe4 24. Rhe1 Qxh4 25. fxg7 Bxg5 26. gxf8=Q+ Kxf8 27. Qh8# 1-0

[Event "Tata Steel India Blitz w"]
[Site "Kolkata IND"]
[Date "2022.12.04"]
[Round "18.5"]
[White "Vaishali, Rameshbabu"]
[Black "Ushenina, Anna"]
[Result "1/2-1/2"]
[WhiteTitle "IM"]
[BlackTitle "GM"]
[WhiteElo "2425"]
[BlackElo "2454"]
[WhiteFideId "5091756"]
[BlackFideId "14110911"]
[EventDate "2022.12.03"]

1. e4 e5 2. Nf3 Nf6 3. Nxe5 d6 4. Nf3 Nxe4 5. Qe2 Qe7 6. d3 Nf6 7. Bg5 Nbd7 8.
Nc3 h6 9. Bh4 Qxe2+ 10. Bxe2 g5 11. Bg3 Nh5 12. Nd4 Nxg3 13. hxg3 Nb6 14. g4 Bg7
15. Nf5 Bxf5 16. gxf5 d5 17. O-O-O c6 18. d4 Nc8 19. g4 Nd6 20. Bf3 Kd7 21. Ne2
Rhe8 22. Ng3 b5 23. c3 a5 24. Rde1 Rxe1+ 25. Rxe1 b4 26. Kc2 Rb8 27. Be2 a4 28.
Bd3 a3 29. bxa3 bxc3 30. Ne2 Ra8 31. Rb1 Rxa3 32. Rb3 Rxa2+ 33. Kxc3 Ra4 34. Rb4
Ra3+ 35. Rb3 Ra1 36. Kd2 Ra2+ 37. Ke3 Bf8 38. Rb8 Nc8 39. Rb7+ Ke8 40. Rc7 Na7
41. Rb7 Bd6 42. f6 Ra3 43. Rb6 Kd7 44. Rb7+ Ke8 45. Kd2 Ra2+ 46. Ke3 Ra3 47. Kd2
Ra2+ 48. Ke3 1/2-1/2